[Event "Saint Affrique op"]
[Site "Saint Affrique"]
[Date "1997.??.??"]
[Round "6"]
[White "Maiffret, Patrick"]
[Black "Lafitte, Luc"]
[Result "0-1"]
[WhiteElo "2085"]
[BlackElo "1760"]

1.d4 d5 2.c4 Nc6 3.cxd5 Qxd5 4.Nf3 e5 5.Nc3 Bb4 6.Bd2 Bxc3 7.Bxc3 e4 8.Ne5 e3
9.Nxc6 exf2+ 10.Kxf2 Qxc6 11.Qd3 Qf6+ 12.Qf3 Bg4 13.Qxf6 Nxf6 14.Kg3 Be6
15.e3 Ne4+ 16.Kf4 Bd5 17.h4 O-O 18.Rg1 Rfe8 19.Bd3 Nf6 20.Bd2 Rad8 21.Rge1 Bxg2
22.Rac1 Bc6 23.b4 a6 24.Rc5 Be4 25.Bc4 c6 26.Rg1 Bd5 27.Bd3 Rd6 28.a3 Nd7
29.Rc2 Rf6+ 30.Kg4 Be4 31.Bxe4 Rxe4+ 32.Kh3 Rf3+ 33.Rg3 Rf2 34.Rb2 Nf6 35.Bc1 Rf1
36.Bd2 Rh1+ 37.Kg2 Rhxh4 38.Rb1 Rhg4 39.Rxg4 Rxg4+ 40.Kf3 Re4 41.Rg1 Re6
42.Be1 Ne4 43.Bg3 f6 44.Bc7 g6 45.Kf4 Nc3 46.Kf3 Nd5 47.Bf4 Kf7 48.e4 Nc3
49.e5 f5 50.Be3 Re7 51.Rc1 Nd5 52.Bg5 Re8 53.Rc5 Ke6 54.Bd2 Rd8 55.a4 Nc7
56.Ke3 Rd5 57.Rc1 Kf7 58.Kd3 Ne6 59.Be3 f4 60.Rf1 g5 61.Ke4 Kg6 62.Bg1 h5
63.Rb1 Nc7 64.Rb2 Rd8 65.Rc2 Rd5 66.Rb2 h4 67.Rg2 Ne6 68.Rb2 Nc7 69.Rb3 Ne6
70.Rd3 g4 71.Rb3 h3 72.Rd3 g3  0-1

[Event "Saint Affrique op"]
[Site "Saint Affrique"]
[Date "1997.??.??"]
[Round "6"]
[White "Maiffret, Patrick"]
[Black "Lafitte, Luc"]
[Result "0-1"]
[WhiteElo "2085"]
[BlackElo "1760"]

1.d4 d5 2.c4 Nc6 3.cxd5 Qxd5 4.Nf3 e5 5.Nc3 Bb4 6.Bd2 Bxc3 7.Bxc3 e4 8.Ne5 e3
9.Nxc6 exf2+ 10.Kxf2 Qxc6 11.Qd3 Qf6+ 12.Qf3  0-1

[Event "RUS-Cup8"]
[Site "Smolensk"]
[Date "1997.??.??"]
[Round "5"]
[White "Koniushkov, Igor"]
[Black "Dubinsky, Roman"]
[Result "1/2-1/2"]
[WhiteElo "2405"]
[BlackElo "2295"]

1.d4 d5 2.c4 Nc6 3.cxd5 Qxd5 4.e3 e5 5.Nc3 Bb4 6.Bd2 Bxc3 7.Bxc3 exd4 8.Ne2 Bg4
9.f3 Bxf3 10.gxf3 Qxf3 11.Nxd4 Qxh1 12.Nxc6 Nf6 13.Na5 Qxh2 14.Qa4+ c6 15.O-O-O Qh6
16.Nxb7 O-O 17.Nd6 Nd5 18.Nf5 Qg5 19.Rxd5 cxd5 20.Qd4 Rfe8 21.Qxg7+ Qxg7
22.Bxg7 Rxe3 23.Nxe3 Kxg7 24.Nxd5 h5 25.Nf4 h4 26.Kd2  1/2-1/2

[Event "RUS-Cup8"]
[Site "Smolensk"]
[Date "1997.??.??"]
[Round "6"]
[White "Popov, Valerij"]
[Black "Dubinsky, Roman"]
[Result "1-0"]
[WhiteElo "2430"]
[BlackElo "2295"]

1.d4 d5 2.c4 Nc6 3.cxd5 Qxd5 4.e3 e5 5.Nc3 Bb4 6.Bd2 Bxc3 7.bxc3 Nf6 8.f3 O-O
9.e4 Qd6 10.Be3 Na5 11.Bd3 c5 12.Ne2 Nc6 13.d5 Na5 14.c4 b6 15.O-O Qe7 16.Bd2 Nb7
17.Nc3 Nd6 18.g3 Nd7 19.Qe2 Ba6 20.a4 Kh8 21.f4 f5 22.exf5 Rae8 23.Nb5 Bxb5
24.axb5 e4 25.Bb1 Nxf5 26.Rxa7 Qd6 27.Bc3 Nd4 28.Qb2 Nf5 29.Re1 e3 30.Bxf5 Rxf5
31.Bxg7+ Kg8 32.Qc2 Rf7 33.Bb2 Qh6 34.Kg2 Qh5 35.Ra3 e2 36.Rf3 Rfe7 37.g4 Qh4
38.Qc3 Rf8 39.d6 Re5 40.fxe5 Rxf3 41.Kxf3  1-0

[Event "DEN-chJ int"]
[Site "Tingkaerskolen"]
[Date "1997.??.??"]
[Round "3"]
[White "Skytte, Rasmus"]
[Black "Bromann, Thorbjorn"]
[Result "1/2-1/2"]
[WhiteElo "2195"]
[BlackElo "2230"]

1.d4 d5 2.c4 Nc6 3.Nc3 dxc4 4.Nf3 Nf6 5.e4 Bg4 6.Be3 e5 7.d5 Ne7 8.Bxc4 Ng6
9.Qa4+ Bd7 10.Qb3 Bd6 11.h4 O-O 12.O-O-O b5 13.Bd3 Ng4 14.Ne2 a5 15.h5 Ne7
16.Qc2 Qb8 17.Ng3 Rc8 18.Kb1 c6 19.dxc6 Nxc6 20.Qe2 Nb4 21.Nf5 Be6 22.a3 Bf8
23.Ng5 Ba2+ 24.Ka1 Nxe3 25.fxe3 Bb3 26.Rc1 Rd8 27.Bb1 f6 28.Nf3 Na6 29.N3h4 b4
30.Ba2 Bxa2 31.Kxa2 Qb7 32.Qc4+ Qf7 33.Qxf7+ Kxf7 34.Rhd1 Nc5 35.Rd5 Nxe4
36.Rc7+ Kg8 37.Rxd8 Rxd8 38.Ne7+ Kh8 39.axb4 axb4 40.Nc6 Ra8+ 41.Kb3 Bd6
42.Ra7 Rxa7 43.Nxa7 Bc5 44.Nc6 Bxe3 45.Nxb4 Ng3 46.Nd5 Ba7 47.Kc4 Nxh5 48.b4 g5
49.Nf5 Nf4 50.Nxf6 Nxg2 51.Kd5 Ne1 52.b5 Nf3 53.Ke4 Nd4 54.Kxe5 Nxb5 55.Nh5 Nc3
56.Nh6 Ne2 57.Kf5 Bb6 58.Nf7+ Kg8 59.Nxg5 h6 60.Ne4 Bc7 61.Kg6  1/2-1/2

[Event "DEN-chJ int"]
[Site "Tingkaerskolen"]
[Date "1997.??.??"]
[Round "7"]
[White "Gustafsson, Jan"]
[Black "Bromann, Thorbjorn"]
[Result "0-1"]
[WhiteElo "2355"]
[BlackElo "2230"]

1.d4 d5 2.c4 Nc6 3.cxd5 Qxd5 4.e3 e5 5.Nc3 Bb4 6.Bd2 Bxc3 7.bxc3 exd4 8.cxd4 Nf6
9.f3 O-O 10.Bc3 Qg5 11.Qd2 Rd8 12.Ne2 Nd5 13.e4 Qxd2+ 14.Kxd2 Nxc3 15.Kxc3 a5
16.Rd1 b5 17.Kb2 b4 18.d5 Ne5 19.Ng3 c6 20.d6 a4 21.Rd4 Be6 22.f4 c5 23.Rd1 Nc6
24.f5 Bd7 25.Rd5 Ra5 26.Bc4 Rb8 27.e5 a3+ 28.Ka1 b3 29.Bxb3 Nd4 30.Rxd4 cxd4
31.e6 fxe6 32.Bxe6+ Bxe6 33.fxe6 Re5 34.e7 Kf7 35.Rf1+ Ke6 36.Nf5 d3 37.Nxg7+ Kd7
38.e8=Q+ Rbxe8 39.Nxe8 d2 40.Nf6+ Kd8  0-1

[Event "Nordic Grand Prix"]
[Site "Torshavn"]
[Date "1997.??.??"]
[Round "2"]
[White "Hansen, Curt"]
[Black "Brynell, Stellan"]
[Result "1-0"]
[WhiteElo "2605"]
[BlackElo "2445"]

1.d4 d5 2.c4 Nc6 3.Nc3 Nf6 4.Nf3 dxc4 5.e3 Bg4 6.Bxc4 e6 7.Bb5 Bb4 8.Qa4 Bxf3
9.gxf3 Qd6 10.Ke2 Bxc3 11.bxc3 Nd5 12.Qb3 Ne7 13.Ba3 Qd7 14.Rab1 O-O 15.Ba4 Rfc8
16.Bxe7 Qxe7 17.Qxb7 Nd8 18.Qa6 c5 19.Rhc1 Qc7 20.Bc2 Rab8 21.Bd3 g6 22.f4 Nc6
23.Qc4 cxd4 24.cxd4 Rxb1 25.Rxb1 Ne7 26.Qxc7 Rxc7 27.a4 Nd5 28.Rb8+ Kg7 29.a5 Kf6
30.Kd2 Ke7 31.Be4 Kd6 32.Bxd5 Kxd5 33.Kd3 h5 34.e4+ Kd6 35.Rb5 Rc1 36.Rb7 Rh1
37.Rxf7 Rxh2 38.Ke3 Rh3+ 39.f3 Rh2 40.Rxa7 Ra2 41.Rg7 Rxa5 42.Rxg6 Ra3+ 43.Kf2 Ke7
44.Rh6 Ra2+ 45.Kg3 Rd2 46.Rxh5 Rxd4 47.f5  1-0

[Event "Nordic Grand Prix"]
[Site "Torshavn"]
[Date "1997.??.??"]
[Round "4"]
[White "Antonsen, Mikkel"]
[Black "Brynell, Stellan"]
[Result "*"]
[WhiteElo "2410"]
[BlackElo "2445"]

1.d4 d5 2.c4 Nc6 3.cxd5 Qxd5 4.e3 e5 5.Nc3 Bb4 6.Bd2 Bxc3 7.bxc3 Qd6 8.Bd3 Nge7
9.Ne2 O-O 10.O-O b6 11.e4 exd4 12.Bf4 Qf6 13.cxd4 Nxd4 14.Bxc7 Bb7 15.Nxd4 Qxd4
16.Rc1 Ng6 17.Bb1 Qf6 18.Qd6 Qxd6 19.Bxd6 Rfd8 20.Rfd1 Rac8 21.Rxc8 Bxc8
22.Rc1 Be6 23.e5 f6 24.Bxg6  *

[Event "Nordic Grand Prix"]
[Site "Torshavn"]
[Date "1997.??.??"]
[Round "6"]
[White "Andreasen, Joan Hendrik"]
[Black "Bromann, Thorbjorn"]
[Result "0-1"]
[WhiteElo "2060"]
[BlackElo "2230"]

1.d4 d5 2.c4 Nc6 3.Nc3 Nf6 4.Nf3 dxc4 5.e4 Bg4 6.Be3 e5 7.d5 Ne7 8.Bxc4 Ng6
9.Qa4+ Bd7 10.Qb3 Bd6 11.O-O O-O 12.Be2 Ng4 13.Bg5 f6 14.Bd2 f5 15.h3 Nf6
16.exf5 Bxf5 17.Ng5 Kh8 18.Qa4 h6 19.Ne6 Bxe6 20.dxe6 Re8 21.Bd3 Nf8 22.Qh4 Bc5
23.Bxh6 gxh6 24.Qxh6+ N6h7 25.Bxh7 Nxh7 26.Rad1 Qg5 27.Qxg5 Nxg5 28.Rd7 Nxe6
29.Ne4 Bf8 30.Nf6 Re7 31.Re1 Rd8 32.Rxd8 Nxd8 33.Nd5 Re6 34.Nxc7 Rc6 35.Nb5 a6
36.Rxe5 axb5 37.Rxb5 Bd6 38.g3 Kg7 39.Rd5 Kf6 40.b4 Ke6 41.Rd3 Rc2 42.a3 Nc6
43.Kg2 Be5 44.a4 Rc3 45.Rxc3 Bxc3  0-1

[Event "Verona op"]
[Site "Verona"]
[Date "1997.??.??"]
[Round "5"]
[White "Dallaglio, Giovanni"]
[Black "Perich, Stefano"]
[Result "1-0"]
[WhiteElo "2075"]
[BlackElo "2080"]

1.d4 d5 2.c4 Nc6 3.Nf3 Bg4 4.cxd5 Bxf3 5.dxc6 Bxc6 6.Nc3 Nf6 7.Bf4 e6 8.Qd3 Qd7
9.e4 Bb4 10.f3 Rd8 11.O-O-O a6 12.g4 b5 13.h4 Bb7 14.Qc2 O-O 15.h5 Qc8 16.g5 Nd7
17.Bh3 Bxc3 18.bxc3 c5 19.g6 cxd4 20.gxf7+ Kxf7 21.Bd6 Rfe8 22.Rxd4 a5 23.h6 g6
24.e5 Qc6 25.Rg1 Rc8 26.Rxg6 Rh8 27.Rxe6 Qc4 28.Re7+ Kf8 29.Rf4+  1-0

[Event "Villalba op"]
[Site "Villalba"]
[Date "1997.??.??"]
[Round "?"]
[White "Borges Mateos, Juan"]
[Black "Quintero Torres, Pedro"]
[Result "1-0"]
[WhiteElo "2480"]
[BlackElo "2130"]

1.d4 d5 2.c4 Nc6 3.Nf3 Bg4 4.Nc3 Bxf3 5.gxf3 e6 6.Qa4 Be7 7.e4 Nf6 8.cxd5 exd5
9.Bb5 dxe4 10.d5 a6 11.Bxc6+ bxc6 12.Qxc6+ Nd7 13.Bf4 exf3 14.Bxc7 Qc8 15.d6 Bf6
16.Qe4+ Kf8 17.O-O-O Bxc3 18.bxc3 h5 19.Rhe1 Rh6 20.Qxf3 Kg8 21.Re7 Rf6 22.Qc6 Nf8
23.Rd2 Qg4 24.Qxa8 Qg1+ 25.Kc2 Qa1 26.Qd5 Ne6 27.d7 Nc5 28.d8=Q+ Kh7 29.Qxh5+ Rh6
30.Qxh6+ Kxh6 31.Qh8+ Kg6 32.Rd6+ f6 33.Qxg7+ Kf5 34.Rxf6+  1-0

[Event "Oberliga Wuert9697"]
[Site "Wuerttemberg"]
[Date "1997.??.??"]
[Round "?"]
[White "Fochtler, Ekkehard"]
[Black "Raedeker, Bernd"]
[Result "1/2-1/2"]
[WhiteElo "2245"]
[BlackElo "2200"]

1.d4 d5 2.c4 Nc6 3.Nf3 Bg4 4.Qa4 Bxf3 5.exf3 e6 6.Nc3 Ne7 7.Bg5 Qd7 8.Rd1 h6
9.Be3 g6 10.c5 Bg7 11.Be2 O-O 12.O-O Rfd8 13.f4 a6 14.Rd2 h5 15.b4 Nf5 16.Rfd1 Kh7
17.g3 Qe8 18.Bf3 Bf6 19.h3 b5 20.Qb3 Qh8 21.Ne2 a5 22.bxa5 Nxa5 23.Qc2 Nc4
24.Rd3 Kg7 25.Kg2 Ra4 26.Nc3 Rb4 27.Bc1 Ra8 28.Be2 Na5 29.a3 Nxd4 30.Rxd4 Rxd4
31.Rxd4 Bxd4 32.Nxb5 Bf6 33.Nxc7 Rc8 34.Nb5 Qf8 35.Be3 Nc6 36.g4 hxg4 37.hxg4 Kg8
38.g5 Bg7 39.Nd6 Rb8 40.Qa4 Nd8  1/2-1/2

[Event "Zagreb"]
[Site "Zagreb"]
[Date "1997.??.??"]
[Round "6"]
[White "Dumitrache, Dragos"]
[Black "Bukal, Vladimir Jr"]
[Result "1/2-1/2"]
[WhiteElo "2495"]
[BlackElo "2350"]

1.d4 d5 2.c4 Nc6 3.Nf3 Bg4 4.cxd5 Bxf3 5.dxc6 Bxc6 6.Nc3 e6 7.a3 f5 8.e3 a6
9.b4 Nf6 10.Bb2 Qd7 11.f3 Nd5 12.Qd2 Be7 13.Bd3 Bh4+ 14.g3 Bg5 15.Nxd5 exd5
16.Kf2 O-O 17.Bc3 Ba4 18.Rae1 Rae8 19.Qb2 Kh8 20.Bd2 Bb5  1/2-1/2

[Event "Zagreb op"]
[Site "Zagreb"]
[Date "1998.01.08"]
[Round "6"]
[White "Lasic, Luka"]
[Black "Kovacevic, Blazimir"]
[Result "0-1"]
[WhiteElo "2200"]
[BlackElo "2395"]

1.d4 d5 2.c4 Nc6 3.e3 Nf6 4.Nf3 e6 5.Nbd2 Be7 6.a3 a5 7.b3 Ne4 8.Bd3 f5 9.Bb2 O-O
10.O-O Bd7 11.Ne1 Be8 12.f3 Nxd2 13.Qxd2 Kh8 14.Nc2 a4 15.b4 Na7 16.e4 dxc4
17.Bxc4 Bb5 18.Qe2 c6 19.Rad1 Bf6 20.Ne3 Qe8 21.Rfe1 fxe4 22.fxe4 Rd8 23.Ng4 Qh5
24.Nxf6 Qxe2 25.Bxe2 gxf6 26.Kf2 Kg7 27.Ke3 Bxe2 28.Rxe2 Nb5 29.Rf1 Kg6 30.Ref2 Nd6
31.Kd3 f5 32.exf5+ Rxf5 33.g4 Rxf2 34.Rxf2 b5 35.Bc1 Nc4 36.Ke4 Rd5 37.Rf8 e5
38.dxe5 Rxe5+ 39.Kd4 Re1 40.Bf4 Nxa3 41.h4 Nc2+ 42.Kc3 Kg7 43.Rc8 Nxb4 44.Rc7+ Kg8
45.Rc8+ Kf7 46.Rc7+ Ke8 47.Rc8+ Kd7 48.Rc7+ Kd8 49.Rxh7 Nd5+ 50.Kd2 Rg1 51.Bd6 Rxg4
52.h5 Rh4 53.h6 b4 54.Rb7 Rxh6 55.Bxb4 Kc8  0-1

[Event "Budapest FS02 GM"]
[Site "Budapest"]
[Date "1998.02.09"]
[Round "3"]
[White "Atalik, Suat"]
[Black "Czebe, Attila"]
[Result "1/2-1/2"]
[WhiteElo "2595"]
[BlackElo "2475"]

1.d4 d5 2.c4 Nc6 3.cxd5 Qxd5 4.e3 e5 5.Nc3 Bb4 6.Bd2 Bxc3 7.Bxc3 exd4 8.Ne2 Bg4
9.f3 Bxf3 10.gxf3 Qxf3 11.Bxd4 Nxd4 12.Qxd4 Qxh1 13.Qxg7 O-O-O 14.Qxh8 Qxh2
15.Qg7 Qh4+ 16.Qg3 Qb4+ 17.Kf2 Nf6 18.Bh3+ Kb8 19.Qf4 Ne4+ 20.Kf3 Qxb2 21.Rc1 Nd6
22.Qd4 Qb5 23.Qc5 c6 24.Nd4 Qd3 25.Qc2 Qg6 26.Qxg6 hxg6 27.Bg2 Re8 28.Kf4 g5+
29.Kf3 Kc7 30.Rc5 f6 31.Bh3 Kb6 32.Rc2 Re5  1/2-1/2

[Event "Debrecen"]
[Site "Debrecen"]
[Date "1998.02.25"]
[Round "9"]
[White "Hegedus, Gyorgy"]
[Black "Szabo, Gergely"]
[Result "1/2-1/2"]
[WhiteElo "2030"]
[BlackElo "2235"]

1.d4 d5 2.c4 Nc6 3.Nc3 dxc4 4.e3 Nf6 5.Bxc4 e5 6.d5 Ne7 7.e4 Ng6 8.Qb3 Bd6
9.h3 O-O 10.Be3 Qe7 11.Nge2 Nd7 12.Ng3 Nh4 13.O-O-O Nc5 14.Qc2 Nxg2 15.Qd2 Nxe3
16.Qxe3 Kh8 17.Nb5 Bd7 18.Nxd6 cxd6 19.Kb1 b5 20.Be2 b4 21.Rdg1 Rac8 22.h4 Rc7
23.h5 a5 24.Rc1 a4 25.Rhg1 a3 26.b3 f5 27.exf5 Bxf5+ 28.Nxf5 Rxf5 29.Bg4 Rf4
30.f3 Qf6 31.Rgd1 Qe7 32.Rc2 Na6 33.Rxc7 Nxc7 34.Qb6 h6 35.Rc1 Ne8 36.Qe3 Rf8
37.Qe4 Rf4 38.Qg6 Rf6 39.Qe4 Rf4  1/2-1/2

[Event "Honra"]
[Site "Almada"]
[Date "1998.02.28"]
[Round "1"]
[White "Ferreira, Paolo"]
[Black "Rodrigues, Nuno"]
[Result "1-0"]
[WhiteElo "2205"]
[BlackElo "2165"]

1.d4 d5 2.c4 Nc6 3.cxd5 Qxd5 4.e3 e5 5.Nc3 Bb4 6.Bd2 Bxc3 7.bxc3 Nf6 8.c4 Qd6
9.d5 Ne7 10.Nf3 O-O 11.Qb3 c5 12.Bc3 Ng6 13.Qb2 Re8 14.Nd2 e4 15.Be2 Ne5
16.h3 Rb8 17.O-O Bf5 18.f4 Nd3 19.Bxd3 exd3 20.Be5 Qe7 21.Bxb8 Qxe3+ 22.Kh2 Rxb8
23.Rae1 Qd4 24.Qxd4 cxd4 25.g4 Bd7 26.g5 Nh5 27.f5 Kf8 28.Re4 b5 29.c5 g6
30.fxg6 hxg6 31.Rxd4 Bf5 32.d6 Ke8 33.c6 Rb6 34.Rxf5 Rxc6 35.d7+ Kd8 36.Rxf7  1-0

[Event "Debrecen"]
[Site "Debrecen"]
[Date "1998.03.01"]
[Round "13"]
[White "Menyhart, Tibor"]
[Black "Szabo, Gergely"]
[Result "1-0"]
[WhiteElo "2235"]
[BlackElo "2235"]

1.d4 d5 2.c4 Nc6 3.Nc3 dxc4 4.d5 Ne5 5.Qd4 Ng6 6.e4 e5 7.Qxc4 Bd6 8.g3 N8e7
9.Bg2 f5 10.exf5 Nxf5 11.Nge2 O-O 12.O-O a6 13.b4 Qe7 14.Rb1 b5 15.Qb3 Nd4
16.Nxd4 exd4 17.Ne4 Bf5 18.Re1 Rae8 19.Bd2 Qd7 20.Nxd6 cxd6 21.Rbd1 Ne5 22.f4 Nc4
23.Rxe8 Qxe8 24.Re1 Nxd2 25.Qd1 Qe3+ 26.Rxe3 dxe3 27.Qe2 Re8 28.Bf1 Bb1 29.Qg4 Ne4
30.Qd7 Nf6 31.Qxd6 Bxa2 32.Qxa6 e2 33.Bxe2 Rxe2 34.d6 Bc4 35.Qc8+ Re8 36.Qxe8+ Nxe8
37.d7 Kf7 38.d8=Q Nf6 39.g4 Nd5 40.Kf2 h6 41.Qd7+ Kg8 42.Qd6 Kf7 43.Kg3 Nf6
44.Qc7+ Kf8 45.Kh4 Kg8 46.g5 hxg5+ 47.fxg5 Nd5 48.Qd6  1-0

[Event "Vorarlberg-ch qual"]
[Site "Hohenems"]
[Date "1998.03.22"]
[Round "3"]
[White "Maier, Peter"]
[Black "Grabher, Heinz"]
[Result "1/2-1/2"]
[WhiteElo "2042"]
[BlackElo "2191"]

1.d4 d5 2.c4 Nc6 3.e3 e5 4.cxd5 Qxd5 5.Nc3 Bb4 6.Bd2 Bxc3 7.bxc3 Nf6 8.c4 Qd6
9.d5 Ne7 10.Qa4+ Nd7 11.Bb4 Qf6 12.Rd1 O-O 13.Nf3 a5 14.Ba3 e4 15.Nd2 Qe5
16.Qc2 f5 17.Be2 b6 18.O-O Rf7 19.Nb3 Ng6 20.Nd4 Nc5 21.Nc6 Qd6 22.Bh5 Bd7
23.Nd4 Ba4 24.Nb3 Bxb3 25.axb3 Rf6 26.Bxg6 Rxg6 27.f4 Rh6 28.Qc3 Re8 29.b4 axb4
30.Bxb4 Qf6 31.Qxf6 Rxf6 32.Bxc5 bxc5 33.Ra1 c6 34.Rfd1 Rd8 35.Ra5 cxd5 36.Rxc5 Rfd6
37.Rdxd5 Rxd5 38.cxd5 g6 39.Kf2 Kf7 40.Rc7+ Kf6 41.Rxh7 Rxd5 42.Ke2 Ra5 43.Rd7 Ra1
44.h3 Ra2+ 45.Rd2 Ra1 46.Rd7 Ra2+ 47.Rd2 Ra1  1/2-1/2

[Event "Dreifluesse op"]
[Site "Passau"]
[Date "1998.04.10"]
[Round "1"]
[White "Loderbauer, Gerhard"]
[Black "Schweiger, Georg"]
[Result "0-1"]
[WhiteElo "1825"]
[BlackElo "2200"]

1.d4 d5 2.c4 Nc6 3.Nf3 e5 4.cxd5 Qxd5 5.Nc3 Bb4 6.Bd2 Bxc3 7.Bxc3 e4 8.Ne5 e3
9.f3 Nxe5 10.dxe5 Ne7 11.Qd3 Qc5 12.Bd4 Qb4+ 13.Qc3 Nd5 14.Qxb4 Nxb4 15.Rc1 Nd5
16.g3 Be6 17.Bg2 O-O-O 18.Rd1 b6 19.a3 c5 20.Bc3 Nxc3 21.bxc3 Rxd1+ 22.Kxd1 Rd8+
23.Kc1 Rd2 24.Re1 Ra2 25.Kb1 Rxa3 26.Rc1 c4 27.f4 Bf5+ 28.Kb2 Ra5 29.Bf3 Rb5+
30.Ka2 Be6 31.Rd1 Rc5 32.g4 g6 33.h4 b5 34.Ka3 a5 35.Rd6 Rc7 36.Ra6 b4+ 37.Kb2 Rd7
38.cxb4 axb4 39.Rb6 c3+ 40.Kc1 b3 41.Rc6+ Rc7 42.Ra6 b2+ 43.Kc2 Bb3+ 44.Kxb3 b1=Q+  0-1

[Event "GRE-chT"]
[Site "Poros"]
[Date "1998.04.20"]
[Round "1"]
[White "Mastrovasilis, Athanasios"]
[Black "Rychagov, Andrei"]
[Result "0-1"]
[WhiteElo "2320"]
[BlackElo "2495"]

1.d4 d5 2.c4 Nc6 3.e3 e5 4.dxe5 d4 5.a3 Nge7 6.Nf3 Bg4 7.e6 fxe6 8.Be2 dxe3
9.Qxd8+ Rxd8 10.Bxe3 Nf5 11.Bg5 Be7 12.Bxe7 Kxe7 13.Nbd2 Bxf3 14.Nxf3 Nfd4
15.Rc1 Rhf8 16.Bd1 Nxf3+ 17.Bxf3 Ne5 18.Be2 Rf4 19.Rc2 Nc6 20.f3 Nd4 21.Rc3 Nf5
22.Rg1 Rfd4 23.Rc2 Ne3 24.Rc3 Nd1 25.Rc2 a5 26.b4 a4 27.g3 e5 28.h4 Kf6 29.g4 h6
30.Rg3 R8d7 31.Rh3 Ne3 32.Rc3 Ng2+ 33.Kf2 Nf4 34.Rh1 Rd2 35.Re1 Nd3+ 36.Kf1 Nxe1
37.Kxe1 Rb2 38.Re3 Rb3 39.Kf2 Rd2 40.g5+ hxg5 41.hxg5+ Kf5  0-1

[Event "GRE-chT"]
[Site "Poros"]
[Date "1998.04.24"]
[Round "7"]
[White "Nenashev, Alexander"]
[Black "Miladinovic, Igor"]
[Result "0-1"]
[WhiteElo "2625"]
[BlackElo "2565"]

1.d4 d5 2.c4 Nc6 3.Nf3 Bg4 4.Nc3 e6 5.Bf4 dxc4 6.e3 Bd6 7.Bg3 Nf6 8.Bxc4 O-O
9.Be2 Ne7 10.Qb3 Ned5 11.Bh4 Be7 12.Rc1 Nxc3 13.Rxc3 Ne4 14.Bxe7 Qxe7 15.Rc2 c6
16.O-O a5 17.a3 a4 18.Qc4 Rfd8 19.h3 Bf5 20.Rcc1 Rd5 21.Qb4 Kf8 22.Rfd1 Rdd8
23.Qe1 h6 24.Ne5 Nd6 25.Qb4 f6 26.Nd3 Bxd3 27.Bxd3 Nf7 28.Qc3 g5 29.Bc2 Nd6
30.Rf1 e5 31.Bd3 e4 32.Bb1 Kg7 33.f3 Re8 34.fxe4 Nxe4 35.Qd3 Qe6 36.Rc5 Qb3
37.Qxb3 axb3 38.Bxe4 Rxe4 39.Rc3 Rae8 40.Rf3 h5 41.Rxb3 R8e7 42.Kf2 Kg6 43.Ke2 Rd7  0-1

[Event "Zepter op"]
[Site "Minsk"]
[Date "1998.04.25"]
[Round "1"]
[White "Fominyh, Alexander"]
[Black "Ginzburg, Mikhail"]
[Result "1-0"]
[WhiteElo "2530"]
[BlackElo "2135"]

1.d4 d5 2.c4 Nc6 3.Nc3 dxc4 4.d5 Ne5 5.f4 Ng6 6.e4 e5 7.f5 Nf4 8.Nf3 Nd3+
9.Bxd3 cxd3 10.Nxe5 Qe7 11.Qa4+ Kd8 12.Bf4 f6 13.Nxd3 g6 14.O-O Bh6 15.Qd4 Bxf4
16.Nxf4 gxf5 17.exf5 Bxf5 18.Qa4 Qd7 19.Qb4 Qd6 20.Qa4 Ne7 21.Ne6+ Bxe6 22.dxe6  1-0

[Event "GRE-chT"]
[Site "Poros"]
[Date "1998.04.26"]
[Round "9"]
[White "Atalik, Suat"]
[Black "Miladinovic, Igor"]
[Result "1-0"]
[WhiteElo "2595"]
[BlackElo "2565"]

1.d4 d5 2.c4 Nc6 3.cxd5 Qxd5 4.e3 e5 5.Nc3 Bb4 6.Bd2 Qd7 7.d5 Nce7 8.Nf3 Bd6
9.Bb5 c6 10.dxc6 bxc6 11.Bc4 Nf6 12.Ng5 O-O 13.Nce4 Nxe4 14.Nxe4 Nd5 15.Nxd6 Qxd6
16.O-O Qg6 17.Qe2 Nb6 18.f3 Bh3 19.Bb3 Rfd8 20.Bc3 Nd5 21.Bxd5 Rxd5 22.e4 Rd7
23.Bxe5 Re8 24.Bc3 Rd5 25.Kh1 Bc8 26.Qf2 Rd7 27.Rfd1 Red8 28.Rxd7 Rxd7 29.h3 h6
30.Kh2 Kh7 31.Qg3 f5 32.exf5 Qxf5 33.Re1 Rf7 34.Re8 Be6 35.a3 Bd5 36.Rf8  1-0

[Event "Zepter op"]
[Site "Minsk"]
[Date "1998.05.01"]
[Round "7"]
[White "Krivoshey, Sergei"]
[Black "Bezgodov, Alexei"]
[Result "1-0"]
[WhiteElo "2475"]
[BlackElo "2520"]

1.d4 d5 2.c4 Nc6 3.cxd5 Qxd5 4.e3 e5 5.Nc3 Bb4 6.Bd2 Bxc3 7.Bxc3 exd4 8.Ne2 Nf6
9.Nxd4 Nxd4 10.Qxd4 O-O 11.Bc4 Qxd4 12.Bxd4 Be6 13.Bxe6 fxe6 14.Rc1 Rf7 15.Ke2 Re8
16.Bxf6 gxf6 17.Rhd1 Rfe7 18.Rd3 Kf7 19.e4 Rg8 20.g3 Rc8 21.Rcd1 Ke8 22.Ra3 a6
23.Rb3 c6 24.Rf3 Rf7 25.e5 f5 26.Rd6 Re7 27.Rfd3 c5 28.Kd2 c4 29.R3d4 Rc5
30.f4 Ra5 31.a3 b5 32.Rb6 Kf7 33.Kc3  1-0

[Event "FRA-chT"]
[Site "FRA"]
[Date "1998.05.08"]
[Round "8"]
[White "Gervais, Claire"]
[Black "Schultz, Raphael"]
[Result "0-1"]
[WhiteElo "2265"]
[BlackElo "2235"]

1.d4 d5 2.c4 Nc6 3.Nc3 dxc4 4.d5 Ne5 5.Bf4 Ng6 6.Bg3 e5 7.e4 Nf6 8.Bxc4 Bd6
9.Nge2 O-O 10.O-O a6 11.Rc1 Nh5 12.Qd2 Nhf4 13.f3 Bd7 14.Kh1 Qg5 15.Nxf4 exf4
16.Ne2 Rae8 17.Bd3 Qh6 18.Bf2 Re5 19.g4 Qg5 20.Bd4 Ree8 21.Ng3 Ne5 22.Be2 c6
23.dxc6 Bxc6 24.Nf5 Bb8 25.Qc3 Nxg4 26.fxg4 Rxe4 27.Bf3 h5 28.Bxg7 hxg4 29.Bxf8 Be5
30.Qa3 Qxf5 31.Bh6 Kh7 32.Rxc6 bxc6 33.Bf8 Re3 34.Qxa6 gxf3 35.Qxc6 Bf6 36.Rxf3 Re1+
37.Kg2 Qg4+  0-1

[Event "Toronto op"]
[Site "Toronto"]
[Date "1998.05.16"]
[Round "5"]
[White "Chow, Albert"]
[Black "Calton, Bill J"]
[Result "1-0"]
[WhiteElo "2330"]
[BlackElo "2270"]

1.d4 d5 2.c4 Nc6 3.Nc3 Nf6 4.Nf3 dxc4 5.e4 Bg4 6.Be3 e6 7.Bxc4 Bb4 8.Qc2 Bxc3+
9.bxc3 Qe7 10.Nd2 Bh5 11.f4 Nd5 12.exd5 exd5 13.O-O dxc4 14.Rae1 O-O 15.d5 Nb8
16.Nxc4 Qd7 17.Bd4 f6 18.Ne3 Na6 19.Qb3 b5 20.Qa3 Qc8 21.h3 c5 22.dxc6 Qxc6
23.Nf5 Kh8 24.Re7 Bg6 25.Nxg7 b4 26.cxb4 Nc7 27.Rc1 Qd5 28.Rcxc7 Qxd4+ 29.Qe3 Qa1+
30.Kh2 Qxa2 31.f5 Bf7 32.Ne6 Rg8 33.Qf3 Qb2 34.Rxf7 Rxg2+ 35.Qxg2 Qe5+ 36.Kh1 Qe1+
37.Kh2 Qe5+ 38.Qg3 Qe2+ 39.Kg1 Qd1+ 40.Kf2 Qd2+ 41.Kf1 Qd1+ 42.Qe1 Qf3+ 43.Qf2 Qh1+
44.Ke2 Qe4+ 45.Qe3 Qg2+ 46.Ke1 Qh1+ 47.Kd2 Qd5+ 48.Kc3  1-0

[Event "Stockholm"]
[Site "Stockholm"]
[Date "1998.06.08"]
[Round "3"]
[White "Eriksson, Johan"]
[Black "Fries Nielsen, Jens Ove"]
[Result "1/2-1/2"]
[WhiteElo "2380"]
[BlackElo "2395"]

1.d4 d5 2.c4 Nc6 3.cxd5 Qxd5 4.e3 e5 5.Nc3 Bb4 6.Bd2 Bxc3 7.bxc3 Qd6 8.Bd3 Nge7
9.Ne2 O-O 10.O-O b6 11.Kh1 f5 12.f3 Be6 13.Qc2 Rad8 14.Rad1 h6  1/2-1/2

[Event "Stockholm"]
[Site "Stockholm"]
[Date "1998.06.12"]
[Round "7"]
[White "Sjoberg, Mats"]
[Black "Fries Nielsen, Jens Ove"]
[Result "1/2-1/2"]
[WhiteElo "2410"]
[BlackElo "2395"]

1.d4 d5 2.c4 Nc6 3.Nf3 Bg4 4.cxd5 Bxf3 5.gxf3 Qxd5 6.e3 e6 7.Nc3 Qh5 8.Bd2 Nf6
9.Bg2 Bd6 10.f4 Qh4 11.Qa4 O-O 12.Bxc6 bxc6 13.Qxc6 Rab8 14.b3 Bb4 15.Qg2 c5
16.dxc5 Rfd8 17.a3 Bxc5 18.Qg5 Qxg5 19.fxg5 Ng4 20.Ne4 Be7 21.Bc3 Rxb3 22.Rg1 Nxh2
23.Ke2 Rc8 24.Be5 Rc2+ 25.Kd1 Rxf2 26.Nxf2 Nf3 27.Kc2 Rxe3 28.Ng4 Re2+ 29.Kd3 Nxg1
30.Rxg1 Ra2 31.Rb1 Rxa3+ 32.Bc3 f6 33.Rb7 Kf7 34.Ne3 Ke8 35.Nc4 Ra6 36.Rb8+ Kf7
37.Rb7 Ke8 38.Rb8+ Kf7 39.Rb7 Ke8  1/2-1/2

[Event "Budapest FS06 IM"]
[Site "Budapest"]
[Date "1998.06.17"]
[Round "12"]
[White "Szeberenyi, Adam"]
[Black "Petronijevic, Zoran"]
[Result "0-1"]
[WhiteElo "2220"]
[BlackElo "2375"]

1.d4 d5 2.c4 Nc6 3.cxd5 Qxd5 4.e3 e5 5.Nc3 Bb4 6.Bd2 Bxc3 7.bxc3 Qd6 8.Bd3 Nf6
9.f3 O-O 10.Ne2 Be6 11.O-O Na5 12.Qa4 b6 13.Be1 Nd5 14.Bf2 exd4 15.cxd4 f5
16.e4 fxe4 17.fxe4 Nb4 18.Bg3 Qe7 19.Qa3 c5 20.d5 Bxd5 21.exd5 Qe3+ 22.Kh1 Nxd3
23.Nc3 Nc4 24.Qa4 Nd2 25.Rfd1 Nb2 26.Qc2 Nxd1 27.Rxd1 Rf1+ 28.Rxf1 Nxf1 29.Bf2 Qd2
30.Qxd2 Nxd2 31.Bh4 Nc4 32.Nb5 Rf8 33.g4 Rf1+  0-1

[Event "Keres mem"]
[Site "Tallinn/ Parnu"]
[Date "1998.06.25"]
[Round "5"]
[White "Lautier, Joel"]
[Black "Yermolinsky, Alex"]
[Result "1/2-1/2"]
[WhiteElo "2645"]
[BlackElo "2660"]

1.d4 d5 2.c4 Nc6 3.cxd5 Qxd5 4.e3 e5 5.Nc3 Bb4 6.Bd2 Bxc3 7.Bxc3 exd4 8.Ne2 Nge7
9.Nxd4 Nxd4 10.Qxd4 Qxd4 11.Bxd4 f6 12.Be2 Be6 13.O-O Kf7 14.Bh5+ g6 15.Bf3 c6
16.Rfc1 h5 17.Be2 Rhd8 18.b4 Nf5 19.Bc3 Rd7 20.a4 a6 21.Kf1 Nd6 22.Rd1 Rad8
23.Ke1 Nf5 24.Rxd7+ Rxd7 25.b5 axb5 26.axb5 c5 27.Rd1 Rxd1+ 28.Kxd1  1/2-1/2

[Event "Copenhagen op"]
[Site "Copenhagen"]
[Date "1998.06.26"]
[Round "6"]
[White "Ward, Christopher"]
[Black "Fries Nielsen, Jens Ove"]
[Result "1-0"]
[WhiteElo "2480"]
[BlackElo "2395"]

1.d4 d5 2.c4 Nc6 3.Nc3 Nf6 4.Nf3 dxc4 5.d5 Na5 6.Qa4+ c6 7.b4 b5 8.Qxa5 Qxa5
9.bxa5 b4 10.Nd1 cxd5 11.g3 e6 12.Bg2 Rb8 13.Be3 Rb5 14.Bxa7 Rxa5 15.Bd4 Bd7
16.Ne5 Bb5 17.O-O Be7 18.a3 b3 19.Nc3 Bd7 20.e4 Bc5 21.Bxc5 Rxc5 22.Rfd1 Bc8
23.exd5 O-O 24.Nc6 exd5 25.Ne7+ Kh8 26.Nexd5 Nxd5 27.Rxd5 Rc7 28.a4 Be6 29.Rb5 Rd8
30.a5 g6 31.a6 Ra7 32.Rb7 Rxa6 33.Rxa6 Rd3 34.Rxe6 fxe6 35.Ne4  1-0